Statistiques concernant Itinéraire des pays 2

Cliquez ici pour prendre le quiz!

Statistiques générales

  • Ce quiz a été pris 205 fois
  • Le résultat moyen est 12 sur 15

Statistiques - réponses

D'où on commencePaysOù il faut se rendre% Correct
ChiliArgentineUruguay
98%
GuatemalaMexiqueÉtats-Unis
98%
BrésilColombiePanama
95%
LuxembourgAllemagneDanemark
93%
KazakhstanChine / RussieMongolie
91%
...pont... vers SuèdeFinlande / NorvègeRussie
91%
IrakJordanie / SyrieIsraël
91%
ÉgypteSoudanÉrythrée
91%
Costa RicaNicaraguaHonduras
89%
ChineAfghanistan / PakistanIran
86%
...bateau... vers EspagneAndorreFrance
84%
SomalieÉthiopieSoudan
82%
TchadNigerMali
78%
ZambieTanzanieKenya
74%
ÉthiopieRépublique démocratique du Congo Soudan du SudAngola (2 pays)
6%

Distribution des résultats

Percentile par nombre de réponses

% des personnes avec chaque résultat

Votre développement - résultats

Vous n’avez pas pris ce quiz